[Event "RUS-ch51"]
[Site "St Petersburg"]
[Date "1998.08.06"]
[Round "10"]
[White "Vorotnikov, Vladislav V"]
[Black "Glek, Igor Vladimirovich"]
[Result "1-0"]
[WhiteElo "2440"]
[BlackElo "2580"]
[Annotator "Tyomkin,D"]
[PlyCount "89"]
[EventDate "1998.07.28"]
[EventType "swiss"]
[EventRounds "11"]
[EventCountry "RUS"]
[SourceTitle "CBM 067"]
[Source "ChessBase"]
[SourceDate "1998.11.30"]
[SourceVersion "2"]
[SourceVersionDate "1998.11.01"]
[SourceQuality "1"]

1. d4 {Hecht} f5 2. Bf4 Nf6 3. e3 d6 4. Nc3 g6 $146 (4... c6 5. Nf3 Qa5 6. Qd2
Nbd7 7. Ne4 Qxd2+ 8. Nexd2 Ne4 9. Nxe4 fxe4 10. Nd2 Nf6 11. h3 h6 12. O-O-O g5
13. Bh2 Bf5 $11 {Kortschnoj,V-Santo Roman,M/Las Palmas 1991/1-0(30)}) 5. h4 h6
{It wasn't necessary to play this move.} (5... Bg7 $142 6. h5 $140 $6 Nxh5 7.
Rxh5 gxh5 8. Qxh5+ Kf8 $17) 6. Bd3 {[%cal Ge3e4]} (6. Bc4 $5 Bg7 7. Nf3 e6 {
[%cal Ge8g8]}) 6... Nc6 {[%csl Yd4] Aimed against e3-e4.} 7. Nf3 Ng4 $5 (7...
Bg7 8. e4 $1 (8. d5 e5 $1 {That's the point!} 9. dxc6 exf4 10. cxb7 Bxb7 11.
exf4 Ne4 $36) 8... Nh5 (8... Nb4 9. exf5 Nxd3+ 10. Qxd3 Bxf5 11. Qb5+ Bd7 12.
Qxb7 (12. Qd3 Bf5 $11) 12... Rb8 13. Qxa7 Rxb2 14. Rb1 $16) (8... O-O 9. exf5
Bxf5 (9... Nh5 10. Be3 $16) 10. Bxf5 gxf5 11. d5 $16) 9. Bd2 $14 (9. Be3 f4 10.
e5 Kf7)) 8. d5 Nce5 9. Bxe5 dxe5 (9... Nxe5 10. Nxe5 dxe5 11. h5 {[%csl Rf5]}
g5 12. g4 $16 (12. e4 $5)) 10. e4 {Now black pawns in the center become
vulnerable..e3-e4 and h4-h5 brake pawn structure on kingside at all.But black
finds the way to get initiative.} e6 $1 {[%cal Gf8c5,Yc5b4]} (10... c6 11. Qe2
$1 {[%cal Ye2e5]} Bg7 12. h5 $16 {[%csl Re5,Rf5]}) 11. Bb5+ (11. h5 $5 {
trying to destroy pawn structure} Bc5 (11... c6 12. dxc6 Qb6 13. O-O $16) 12.
O-O exd5 13. Nxd5 c6 14. Nc3 f4 $1 $15 {with attack on the kingside.} (14...
Bxf2+ 15. Rxf2 Nxf2 16. Kxf2 Qb6+ 17. Kf1 Qxb2 18. Qe1 $1 $16)) 11... Bd7 (
11... Kf7 12. O-O $14 (12. h5 Bc5 13. hxg6+ Kxg6 14. O-O exd5)) 12. dxe6 (12.
Qe2 exd5 13. Bxd7+ Qxd7 14. exf5 O-O-O (14... Qxf5 15. Nxd5 O-O-O)) 12... Bxb5
13. Nxb5 c6 (13... fxe4 $2 14. Qxd8+ $16) 14. Qd7+ Qxd7 15. exd7+ Kd8 (15...
Kxd7 $142 16. Rd1+ Ke7 17. Nc3 Ke6 $15 {[%cal Gf8c5,Gc5b4]}) 16. Nc3 f4 (16...
Bb4 $5 {[%cal Rf5e4,Ye4e3]} 17. Ke2 $1 (17. h5 fxe4 18. Nd2 e3 19. Nde4 exf2+
20. Nxf2 Ne3 $1)) 17. Rd1 Rh7 {Black is slightly better in this ending because
of space advantage and his bishop is better than Nc3.} 18. Nh2 $1 {Black
should change knihgts or to force a draw.} Nxh2 (18... Nf6 19. Nf3 Ng4 20. Nh2)
(18... h5 $5 19. Nxg4 hxg4 20. Ke2 Kc7 $15 {[%cal Ga8d8]} (20... a6 $5 {
[%cal Gb7b5,Yb7b6,Ya7d7,Ya8a7]})) 19. Rxh2 Rxd7 20. Rxd7+ Kxd7 21. Ke2 Ke6 22.
Rh1 Be7 $6 (22... Bc5 {[%cal Ga8d8] was more natural}) 23. Nb1 a5 {gaining
space on the quuenside by a5-a4 and b7-b5} 24. g3 (24. a4 b5) 24... a4 25. Nd2
Ra5 $2 {wrong idea.} (25... fxg3 {Hecht} 26. fxg3 h5 $11) 26. Nf3 Rb5 27. b3
Ra5 {missing white's idea which was prepared by last monouevres of white's
knight.} (27... fxg3 28. fxg3 h5 29. Rf1 $1 Ra5 30. Ng5+) 28. h5 g5 29. Nh2
axb3 30. axb3 Ra2 31. Kd3 b5 (31... Ra8 {Hecht} 32. Ng4 Bf8 $14) 32. Ng4 $14 {
[%csl Re5,Rh6]} Bf8 33. Kc3 f3 $4 {[%csl Rf3] '?!' Hecht. desicive mistake.
Black simply loses pawn-f3. Hecht: 'Die mit dem Textzug eingeleitete Aktivität
führt zu nichts. Hartnäckig war:'} (33... Ra8 {Hecht} 34. Rd1 Bg7 {Trotz
seiner passiven Position sehe ich noch nicht den entscheidenden Einbruch für
Weiß; eventuell mittels Kb2 und der Absicht c4nebst c5, um das Einfallstor d6
zu schaffen.}) 34. Rd1 {[%cal Rd1d3]} Bc5 $2 (34... b4+ 35. Kd3 Bc5 36. Rf1 $1
Bf8 37. Nh2 Ra7 38. Nxf3) 35. Rd3 $18 Bd4+ 36. Kd2 c5 37. Rxf3 c4 38. bxc4 bxc4
39. Rf6+ Ke7 40. Rxh6 c3+ 41. Kd3 Ra1 42. Ne3 Bxe3 43. Kxe3 Re1+ 44. Kd3 Rf1
45. Rg6 1-0

[Event "Ubeda op 5th"]
[Site "Ubeda"]
[Date "2000.01.20"]
[Round "2"]
[White "Kalantarian, Norik"]
[Black "Hovhannisyan, Mher"]
[Result "1-0"]
[WhiteElo "2474"]
[BlackElo "2361"]
[Annotator "Tyomkin,D"]
[PlyCount "85"]
[EventDate "2000.01.19"]
[EventType "swiss"]
[EventRounds "10"]
[EventCountry "ESP"]
[SourceTitle "CBM 075"]
[Source "ChessBase"]
[SourceDate "2000.04.05"]
[SourceVersion "1"]
[SourceVersionDate "2000.04.05"]
[SourceQuality "1"]

1. d4 f5 2. Bg5 Nf6 3. Bxf6 exf6 4. e3 d5 5. c4 Bb4+ 6. Nc3 O-O 7. Qb3 Bxc3+ 8.
bxc3 dxc4 (8... Nc6 9. cxd5 Na5 10. Qb5 b6 11. Be2 Bb7 12. Bf3 a6 13. Qd3 Qd7
14. c4 b5 15. cxb5 axb5 16. Ne2 Bxd5 17. Bxd5+ Qxd5 18. O-O $14 {1/2-1/2
Fominyh,A-Guliev,S/Kazan 1995/CBM 51 (69)}) (8... c5 9. Nf3 cxd4 10. Nxd4 Nc6
11. Rd1 f4 12. Nxc6 bxc6 13. cxd5 Kh8 14. dxc6 Qe8 15. Be2 fxe3 16. O-O Be6 17.
Qa4 Rc8 18. Rd6 Qe7 19. Rfd1 $16 {1-0 Guliev,S-Sofieva,A/Baku 1991/EXT 99 (41)}
) 9. Bxc4+ Kh8 10. Ne2 $14 {White has clear and permanent advantage-better
pawn structure, better bishop, better other pieces. Black has anything in
compensation.} Nc6 {[%cal Gc6a5]} 11. Qa3 $5 $146 (11. Qc2 Ne7 12. O-O c6 13.
a4 g5 14. Nc1 Qc7 15. Nd3 Ng6 16. Rfe1 b6 17. a5 Bd7 18. Qb2 $16 {1-0 Kasparov,
G-Moscovich,F/Cordoba 1992/EXT 98 (38)}) (11. Bd3 $5) 11... Re8 12. h4 {
The usual way of development could secure white permanent advantage, but he
wants more intending to attack on the kingside by Nf4, h5 and Ng6.} (12. O-O b6
$14 {[%cal Gc8b7]}) 12... b6 (12... Be6 13. Bb3 $14 (13. Bxe6 Rxe6 14. Qb3 Rd6
15. Nf4 $16)) 13. Nf4 Na5 14. Bf7 Re7 15. Bb3 Qd6 $6 (15... Nxb3 16. Qxb3 Qe8
$1 17. h5 Be6 $14 {/+/-} (17... Rxe3+ 18. fxe3 Qxe3+ 19. Kd1 Qxf4 20. Qd5 {
[%csl Ra8,Rd8]})) 16. h5 {[%cal Rf4g6]} Nxb3 $8 17. Qxd6 cxd6 18. axb3 $16 Bb7
19. c4 Kg8 20. Kd2 Kf7 21. d5 {This ending looks really terrible for black:
dead Bb7,weak pawns everywhere:pawn a, pawn d, kingside pawns are doubled.
White knight is very mobil pieces and can attack all black weaknesses. But I
liked the way white won this game.} a6 22. Ra4 Bc8 23. Rha1 {How to win this
ending? Black has one serious weakness-pawn a6, but he succesfully protects it.
So, in this kind of endings works the principle of "two weaknesses". It means
that white should create another weakness on the kingside, and he can do it by
some pawn break, probably f3 and e4, as it was in the game.} Rea7 24. Ne2 Bd7
25. R4a2 g5 26. Nd4 Bc8 27. Kd3 h6 28. f3 Ke8 29. g3 Kf7 30. e4 fxe4+ 31. fxe4
Kg7 32. Rf2 Bd7 33. b4 Rf8 34. Rfa2 Bc8 35. g4 Re8 {[%tqu "En","White has a
way to break black's position in 2 moves. Show it!","","","d4b5","",10]} 36.
Nb5 $1 Rd7 {[%tqu "En","","","","a2a6","",10]} 37. Rxa6 $1 $18 Bxa6 38. Rxa6 {
White controls yje only open file, which is a-file, and rook and knight still
continues to attack weak black pawns.White knight is better than each of black
rooks!} Rb8 39. Nd4 Rdb7 (39... Kg8 40. Nc6 (40. Nf5 Kh7) 40... Rbb7 41. Kc3
Rdc7 {[%cal Gc7c8]} 42. Ra8+ Kh7 43. Re8 $18 {[%csl Rd6,Rf6][%cal Ge8e6]}) 40.
Nf5+ Kf8 41. Nxd6 Rc7 42. Nf5 Rh7 43. c5 1-0

[Event "RUS-Cup03 Geller Memorial"]
[Site "Moscow"]
[Date "1999.02.12"]
[Round "3"]
[White "Matveeva, Svetlana"]
[Black "Kobalia, Mihail"]
[Result "0-1"]
[WhiteElo "2405"]
[BlackElo "2537"]
[Annotator "Tyomkin,D"]
[PlyCount "65"]
[EventDate "1999.02.10"]
[EventType "swiss"]
[EventRounds "9"]
[EventCountry "RUS"]
[SourceTitle "CBM 070"]
[Source "ChessBase"]
[SourceDate "1999.06.08"]
[SourceVersion "1"]
[SourceVersionDate "1999.06.08"]
[SourceQuality "1"]

1. d4 f5 2. Bf4 Nf6 3. e3 e6 4. Be2 b6 $6 (4... d6 5. c4 Be7 6. Nc3 O-O 7. Qc2
$6 (7. h3 $5 {[%cal Gg1f3]}) 7... Nc6 8. O-O-O $6 Qe8 9. Nf3 a6 10. h3 b5 $36 {
0-1 Matveeva,S-Dumitrache,D/Cappelle ,EXT 1995 (19)}) (4... Be7 5. c4 O-O 6.
Nc3 d5 7. Nf3 c6 8. Qc2 Ne4 9. h3 Nd7 10. g4 $5 $13 {1/2-1/2 Matveeva,
S-Zaitseva,L/Rostov on Don-W ,EXT 1995 (51)}) 5. Bf3 {[%cal Gg1e2] Normally
this bishop developes to big diagonal via g2(after g2-g3 move).Matveeva does
it by her own way!} d5 6. c4 Be7 7. Nc3 O-O $2 {[%mdl 8192]} (7... Bb7) (7...
c6) 8. cxd5 $1 $146 {[%mdl 8]} (8. Nge2 c6 9. Qb3 Kh8 10. h3 Ne4 11. g4 Nd6 12.
cxd5 exd5 13. Ng3 $11 {1/2-1/2 Lempert,I-Malaniuk,V/UKR-chT Alushta ,EXT 1994 
(44)}) 8... Nxd5 (8... exd5 9. Bxc7 $1) 9. Nxd5 exd5 10. Bxc7 $1 $16 {/+-} Qd7
11. a3 {That wasn't necessary.It was good idea to finish development by:} (11.
Ne2) (11. Qb3 $5 {[%csl Rd5]} Bb7 12. Be5 Rd8 {[%cal Gb8c6]} 13. Ne2 Nc6 14.
Nc3 Na5 $132 {[%cal Ga5c4]}) 11... Bb7 12. Bxb8 Raxb8 13. Ne2 g5 14. g3 Rbd8
15. Rc1 Bd6 {Black is preparing f5-f4 break.} 16. Nc3 Bb8 17. O-O Rf6 18. Re1 {
White also prepares itself for forthcoming break.} Kh8 19. Bg2 f4 20. exf4 gxf4
21. Rc2 Qf7 22. Rce2 Bd6 (22... f3 $2 23. Re7) 23. Qa4 $6 {[%cal Ge2e8]} Bf8
24. Re8 $2 (24. Bh3 Bc6 (24... Qh5 25. Re6 $18) 25. Qc2 Qh5 26. Re6 $18) 24...
fxg3 25. fxg3 Bc6 26. Qxc6 Rxc6 27. Rxd8 {[%mdl 1024]} Rd6 28. Bxd5 $2 (28.
Rde8 {[%csl Rd5]} Kg7 29. R8e5 $16 {[%csl Rd5] White wins d5-pawn and gets
R+N+2P for the queen,which is much more material.}) 28... Qf6 {[%csl Rd4]} 29.
Rc8 Qxd4+ 30. Kg2 Rf6 31. Re2 h5 {[%cal Gh5h4]} 32. Rc4 Qd3 {This position is
nearly balanced,but Matveeva simplified everything in her time-trouble.} 33.
Rce4 $4 {[%mdl 8192]} (33. Rce4 Qf3+ 34. Kh3 Qf5+ 35. g4 (35. Kh4 Be7 $1) 35...
hxg4+ 36. Rxg4 Rg6 $19) (33. Rh4 {[%cal Gd5f3]} Qf5 $8 34. Rf4 Qg6 35. Be4 $1 (
35. Rxf6 Qxf6 36. Rf2 Qh6 $1) (35. Rh4 Qf5 $11) 35... Qg5 36. Rh4 {[%csl Rh5]
[%cal Gc3d5,Gd5f4,Ge4f3] White looks better because the weekness of pawn-h5.})
0-1

[Event "Villa Martelli Masters KO"]
[Site "Villa Martelli"]
[Date "2002.04.14"]
[Round "2.2"]
[White "Ricardi, Pablo"]
[Black "Rodriguez Vila, Andres"]
[Result "1/2-1/2"]
[WhiteElo "2544"]
[BlackElo "2460"]
[Annotator "Tyomkin,D"]
[PlyCount "113"]
[EventDate "2002.04.12"]
[EventType "k.o."]
[EventRounds "3"]
[EventCountry "ARG"]
[SourceTitle "CBM 089"]
[Source "ChessBase"]
[SourceDate "2002.08.12"]
[SourceVersion "1"]
[SourceVersionDate "2002.08.12"]
[SourceQuality "1"]

{In the second game of this 2 games mini-match, RIcardi had had to reach the
draw to qualify to the next stage;} 1. d4 {This is always difficult to win
with black by obligation, especially facing such an experienced GM like
Ricardi; But black had got some chances as u can find it out from my comments
below;} f5 2. Bg5 h6 3. Bf4 (3. Bh4 {-is the main line;}) 3... Nf6 4. e3 d6 5.
Nf3 g5 6. Bg3 Bg7 7. Bd3 Nc6 8. c3 O-O {Black can delay castle for a while by:}
(8... e6 9. Qb3 Qe7 {1/2-1/2 Dzagnidze,N-Dworakowska,J/Warsaw 2001/CBM 82 ext 
(25). (25)}) 9. Qc2 Nh5 10. d5 Ne5 11. Be2 {after 11.Nxe5 white bishop g3 is
in troubles:} (11. Nxe5 dxe5 12. Qe2 Qe8 {[%csl Rg3][%cal Gf5f4]}) 11... Qe8 {
Black could play for the win by following:} (11... Nxf3+ $5 12. Bxf3 g4 13. Be2
e5 14. dxe6 Bxe6 $132 {and black bishops are very powerful;}) 12. Bxe5 dxe5 13.
Na3 {[%cal Ga3b5]} e6 14. Nb5 Qe7 15. c4 (15. Nxe5 $6 Bxe5 16. Bxh5 exd5 $15 {
[%cal Gc7c6]}) 15... c6 $2 (15... g4 $142 16. Nd2 Nf6 {[%csl Yd5] breaking
white's pawns in the centre;}) 16. d6 Qf7 17. Nc7 Rb8 18. O-O-O e4 19. Nxg5
hxg5 20. Bxh5 Qxh5 21. d7 Bxd7 22. Rxd7 Qg6 (22... Rf7 23. Rhd1 Rxd7 24. Rxd7
Qxh2 25. Nxe6 Bf6 26. g3 {and this position is about equal;}) 23. Rhd1 Be5 (
23... Rf7 24. Qd2 {-and like in the game;}) 24. Re7 Bf6 25. Red7 Rf7 (25... Be5
{this would lead to the repetition which can not be accepted by black;}) 26.
Qd2 Be5 27. Rd8+ Rxd8 28. Qxd8+ Kh7 29. Ne8 $1 {not falling to the trap:} (29.
Rd7 $2 Bxb2+ $1) 29... Qg8 $2 (29... Rf8 30. Qa5 (30. Qe7+ Qf7 31. Qxf7+ (31.
Rd7 Kg6 $15 {[%csl Re8]}) 31... Rxf7 32. Nd6 Rd7 33. c5 {with very mutual
ending, but black looks good here;}) 30... Bxb2+ 31. Kxb2 Qxe8 32. Qxa7 Rf7 33.
Qd4 {[%cal Gd4d8] the position is probably equal here, but it was better for
black than the game continuation anyhow;}) 30. Rd7 $16 {Here black is far away
from the win as well as from the draw;} Kh6 (30... Rxd7 31. Qxd7+ Kg6 32. Nd6
$16) 31. Nd6 (31. h4 $5 g4 32. Nd6 $16) 31... Bxb2+ 32. Kb1 (32. Kxb2 $2 Qg7+ {
[%cal Gf7d7]}) 32... Rf8 33. Qa5 Bh8 34. Rxb7 f4 (34... Qg6 {[%cal Gg6f6]} 35.
Qc7 Bg7 36. Nf7+ Kh5 (36... Kh7 37. Qe7 $18 {[%cal Gf7g5]}) 37. Nxg5 Qxg5 38.
Qxg7 Qxg7 39. Rxg7 $18) 35. Qxa7 {[%cal Gd6f7]} fxe3 36. Qxe3 Be5 37. Nxe4 $18
{White is just two pawns up and still has strong attack against black king;}
Rb8 38. Qh3+ {More secured looks:} (38. Rb3 {[%cal Gb1c2]} Qd8 39. Kc2 $18)
38... Kg6 39. Rxb8 Qxb8+ 40. Qb3 Qd8 41. Kc2 (41. Nc5 $18 {[%cal Gb3d3]}) 41...
Qd4 42. f3 $2 (42. Qd3 $1 Qb2+ 43. Kd1 Qa1+ 44. Ke2 Qxa2+ 45. Nd2+ Kf6 46. Qd8+
{[%csl Rc6,Rg5] grabbing one of c6 or g5 then;}) 42... Qg1 {Now black achieves
some counterplay;} 43. g4 Qxh2+ 44. Kd1 Qg1+ 45. Ke2 Qg2+ 46. Ke1 (46. Nf2 {
could would the advantage, but white doesn't afraif of perpetual because the
draw fir white in this game was equal to the win;}) 46... Bf4 47. c5 Qg1+ 48.
Ke2 Kg7 49. Qb7+ Kg6 50. Qb3 Qg2+ 51. Ke1 (51. Nf2 {again this move was
possible but again no need!}) 51... Bg3+ 52. Nxg3 {This is very hard to lose
this queen's ending with pawn up for white!} Qxg3+ 53. Kf1 Qe5 54. Qc2+ Kf6 55.
Kg2 Qe1 56. Qb2+ e5 57. Qc2 {[%cal Gc2f5] white stil has good winning chances,
but Pablo decided to save the energy and not to fight for 5 rating points; He
has qualified to the final of the event by this draw;} 1/2-1/2

[Event "POL-ch 59th"]
[Site "Warsaw"]
[Date "2002.05.09"]
[Round "10"]
[White "Macieja, Bartlomiej"]
[Black "Bartel, Mateusz"]
[Result "1-0"]
[WhiteElo "2584"]
[BlackElo "2417"]
[Annotator "Tyomkin,D"]
[PlyCount "109"]
[EventDate "2002.04.29"]
[EventType "tourn"]
[EventRounds "13"]
[EventCountry "POL"]
[EventCategory "10"]
[SourceTitle "CBM 089"]
[Source "ChessBase"]
[SourceDate "2002.08.12"]
[SourceVersion "1"]
[SourceVersionDate "2002.08.12"]
[SourceQuality "1"]

1. d4 f5 2. Nc3 d5 3. f3 Nf6 (3... e6 4. e4 Bb4 $1 5. exd5 exd5 6. Bd3 Nf6 7.
Nge2 O-O 8. O-O c6 9. a3 Bd6 10. Bf4 Nh5 11. Bxd6 Qxd6 12. Qd2 f4 $11 {1-0
Marinkovic,M-Boe Olsen,M/Budapest 1999/CBM 71 ext (26). (25)}) 4. Bg5 c6 (4...
e6 5. e4 Be7 6. e5 Nfd7 7. Bxe7 Qxe7 8. f4 a6 9. Nf3 c5 10. Ne2 Nc6 11. c3 $14
{1/2-1/2 Sokolov,I-Barbero,G/Austria 1994/TD (51). (50)}) 5. Qd2 (5. e4 fxe4 6.
fxe4 Nxe4 7. Nxe4 dxe4 8. Bc4 $14) 5... Be6 $5 6. O-O-O Nbd7 7. e3 (7. Nh3 $5 {
[%cal Gh3f4]}) 7... h6 8. Bxf6 (8. Bf4 $5 g5 9. Bg3 Bg7 10. h4 $14) 8... Nxf6
9. Bd3 Qd7 10. h3 O-O-O 11. g4 g5 12. h4 (12. Nge2 {[%cal Ge2g3]} h5 $1 13.
gxf5 Bxf5 $11) 12... Bg7 13. gxf5 Bxf5 14. hxg5 hxg5 15. Nge2 g4 $1 (15... Bxd3
16. Qxd3 g4 $11) 16. e4 {Too optimistic- white tries hard to win the game,
while it was good idea to think about draw; But, perhaps, "winner can't be
judged";} (16. Bxf5 $142 Qxf5 17. f4 Rh3 18. Rhg1 $11 {[%cal Ge2g3]}) 16... Be6
17. exd5 Bxd5 $2 {Black could just win a pawn for nothing!} (17... Rxh1 $142
18. Rxh1 Bxd5 19. Nxd5 Qxd5 $17 {[%csl Rf3] grabbing f3-pawn;}) 18. Rxh8 Rxh8
19. fxg4 $11 Nxg4 20. Nxd5 Qxd5 21. Nc3 Qf7 $6 {It leads to some troubles over
the c8-h3 diagonal; It was good idea to take control over that diagonal for
example by:} (21... Qd7 {[%cal Gg7h6]} 22. Kb1 Bh6 {[%cal Gg4e3] and black is
definitely not worse;}) 22. Kb1 Nh2 $2 {there was still a way to keep it
balanced by 22...Nf2;} (22... Nf6 23. Qf4 $36 {[%cal Gc3d3,Yd3f5]}) (22... Nf2
23. Rf1 Bxd4 24. Bf5+ Qxf5 25. Qxd4 e5 26. Qxa7 Rh1 $1 $11) 23. Qg5 Qf6 (23...
Nf3 24. Bf5+ e6 25. Bxe6+ Qxe6 26. Qxg7 $16) 24. Bf5+ (24. Qg3 $5 {probably
was even stronger;}) 24... Kd8 (24... e6 25. Bxe6+ $1 {[%csl Rg7]}) (24... Kb8
25. Qg3+ Ka8 26. Be4 $16 {[%csl Rh2] and Nh2 can not escape;}) 25. Qf4 Qd6 26.
Qe3 Bh6 27. Qe2 Rf8 28. Be4 $2 {overlooking tactical way to increase the
advantage:} (28. Ne4 Qf4 29. Nc5 Qxf5 30. Ne6+ {[%cal Ge6f8,Re2h2]}) 28... Qg3
{It was necessary to prevent d4-d5, but after 28..e6, the only way to stop it,
white would win the pawn a7 at least by:} (28... e6 29. Qh5 {[%csl Rh6][%cal
Yh5a5,Ya5a7]}) 29. d5 c5 30. Qb5 $2 {missing the tactics again; I can make a
guess that Macieja was in time-trouble at this stage of the game;} (30. d6 $1
exd6 31. Qb5 {[%cal Rb5b7,Rb5c5] and black is defendless against white's
threats- the biggest troubles is the black king;}) 30... Qc7 (30... Qd6 {
[%cal Rd6b6]} 31. Na4 (31. Qxb7 Qb6 $16) 31... b6 32. Qa6 {[%csl Ra7][%cal
Ga4c3,Gc3b5] and black can not get a7 protected;}) 31. d6 $1 {Thematic break
to clear d5 outpost for the knight by sacrificing d-pawn;} exd6 32. Qe2 {
[%csl Rh2][%cal Rc3d5,Rc3b5] Although black is up a pawn and not much material
left on the board,white has large advantage becuz white pieces are dominating
all over the board, and there are couple of direct threats;} Bf4 33. Nd5 Qf7
34. Nxf4 $2 {missing the direct way to win the game by simple tactics again!} (
34. Bg6 Qg7 35. Nxf4 Rxf4 36. Rxd6+ Kc7 37. Qxh2 Kxd6 38. Qxf4+ $18) 34... Qxf4
35. Bxb7 Nf1 $4 {35...Qf1 would force immediate draw!} (35... Qf1 $1 36. Qd2
Qxd1+ 37. Qxd1 Rf1 $11) 36. a3 Ne3 37. Re1 {[%cal Ge2a6] following up the
attack;} Re8 38. Qa6 Nc4 39. Rxe8+ Kxe8 40. Bd5 Nb6 41. Qxa7 $1 {The
forthcoming queen ending is winning for white;} Nxd5 42. Qa8+ Kd7 43. Qxd5 {
[%csl Yd5] White queen is taking perfect place and white king can not be
bothered by checks;} Kc7 44. Ka2 Kb6 45. Qb3+ Kc7 46. c4 {[%cal Ga3a4,Gb3b5]
Now white needs the queen here to support the advance of a-pawn;} Qe4 47. a4
Qa8 48. Qb5 {Another stop for the queen; Black queen blocks the a-pawn, but
white can reach the progress now even without involving white king!} Qa7 49. a5
Qa8 50. Qb6+ Kd7 51. a6 Qc6 52. Qa5 Qa8 53. a7 Kc6 54. Qb5+ Kc7 55. Qa6 {
Black can not save with his queen trapped in the corner; But on the other hand,
black could continue few more moves, cause white has to keep playing
accurately;} (55. Qa6 Kd7 56. Ka3 Kc7 (56... Qf3+ 57. Ka4 Qd1+ 58. Ka5 $18 {
[%cal Ga5b6]}) 57. b3 {probably the simpliest;} (57. b4 cxb4+ 58. Kxb4 Qh8 59.
a8=N+ $1 Kb8 60. Nb6 $18 {[%cal Gb4b5,Yb5c6] and white easily escapes from
checks in 4-5 moves;}) 57... Qh8 58. a8=N+ Kb8 59. Qxd6+ Kxa8 60. Qxc5 $18) 1-0